Song to Artist 2010 - Statistics

General Stats
  • This quiz has been taken 11 times
  • The average score is 11 of 20
Answer Stats
Song Artist % Correct
Firework Katy Perry
100%
Grenade Bruno Mars
91%
Super Bass Nicki Minaj
91%
Waka Waka Shakira
91%
Airplanes B.o.B
73%
Love the Way You Lie Eminem
73%
Your Love Is My Drug Kesha
73%
OMG Usher
73%
Like A G6 Far East Movement
55%
Pumped Up Kicks Foster The People
55%
Black and Yellow Wiz Khalifa
55%
Forget You Cee-Lo Green
45%
I Like It Enrique Iglesias
45%
Just a Dream Nelly
45%
Na Na Na (Na Na Na Na Na Na Na Na Na) My Chemical Romance
27%
Dancing On My Own Robyn
27%
Billionaire Travie McCoy
27%
If I Die Young The Band Perry
18%
Runaway Kanye West
9%
Another Way to Die Disturbed
0%
No matching quizzes found
Score Distribution
Percent of People with Each Score
Percentile by Number Answered
Your Score History
You have not taken this quiz